| Registos Bibliográficos associados ao registo de autoridade |
|
Etiqueta de registo: 00254nam 2200025 450 001 2274757 003 http://id.bnportugal.gov.pt/bib/catbnp/2274757 100 ## $a20260303d2025 k y0pory01030103ba 101 0# $aeng$dpor 102 ## $aPT 105 ## $aa m 000yy 106 ## $ar 200 1# $aTransmission techniques for large intelligent surfaces$fAndreia Pereira da Silva$gsupervisor Marco Alexandre Cravo Gomes, Rui Miguel Henriques Dias Morgado Dinis, Fredrik
Rusek 210 #9 $aCoimbra$c[s.n.],$d2025 215 ## $aXXI, 118 p.$cil.$d30 cm 328 #1 $aTese dout. Engenharia Eletrotécnica e de Computadores (Telecomunicações), Faculdade
de Ciências e Tecnologia da Universidade de Coimbra 675 ## $a681.5(043)$vBN$zpor$3297997 700 #1 $aSilva,$bAndreia Pereira da$31988471 702 #1 $aGomes,$bMarco Alexandre Cravo,$f1977-$4727$31193261 702 #1 $93$aDinis,$bRui$4727$3194821 702 #1 $aRusek,$bFredrik$4727$31988473 801 #0 $aPT$bBN$gRPC 966 ## $lBN$mFGMON$sS.A. 193549 V.$x1 971 ## $cabrito$d20260303 972 ## $e0$z0$d20260422$vlrevez 973 ## $csteixeira$d20260414
|
|
|